[Event "Andalucia-chT Honor Occidental"]
[Site "Andalucia"]
[Date "2018.10.21"]
[Round "4.7"]
[White "Martin Macias, Daniel"]
[Black "Cruz Ravina, Francisco Javier"]
[Result "0-1"]
[WhiteElo "2089"]
[BlackElo "2333"]
[PlyCount "92"]
[EventDate "2018.09.30"]
[EventType "team-tourn"]
[EventRounds "7"]
[EventCountry "ESP"]
[SourceTitle "EXT 2020"]
[Source "ChessBase"]
[SourceDate "2019.10.17"]
[SourceVersion "1"]
[SourceVersionDate "2019.10.17"]
[SourceQuality "1"]
[WhiteTeam "Shahmat"]
[BlackTeam "Bahia Sur Pai Hotel"]
[WhiteTeamCountry "ESP"]
[BlackTeamCountry "ESP"]

1. d4 e6 2. c4 d5 3. Nc3 Nf6 4. Bg5 Nbd7 5. Nf3 Be7 6. e3 c6 7. Qc2 0-0 8. 0-0-0 dxc4 9. Bxc4 Nd5 10. Bxe7 Qxe7 11. Kb1 Nxc3+ 12. Qxc3 b6 13. Bb3 Bb7 14. h4 c5 15. Bc2 Nf6 16. dxc5 Rac8 17. Rd4 Rxc5 18. Rc4 Rfc8 19. Rxc5 Qxc5 20. Qxc5 Rxc5 21. Rd1 g6 22. Rd8+ Kg7 23. Ne1 Rd5 24. Rxd5 Nxd5 25. Kc1 f5 26. Kd2 Nf6 27. f3 e5 28. Bb3 e4 29. Kc3 exf3 30. Nxf3 Ng4 31. Kd4 Kf6 32. Bd1 h6 33. Be2 Nf2 34. Ne1 g5 35. hxg5+ Kxg5 36. b4 Be4 37. Bf3 Kh4 38. Ke5 Kg3 39. Bxe4 fxe4 40. Kd5 h5 41. Kc6 Nd3 42. Nc2 Kxg2 43. b5 h4 44. Kb7 h3 45. Kxa7 h2 46. Kxb6 h1Q 0-1

[Event "Andalucia-chA"]
[Site "Algeciras"]
[Date "2018.05.19"]
[Round "5"]
[White "Martin Macias, Daniel"]
[Black "Ruiz Alcaide, Juan Luis"]
[Result "0-1"]
[WhiteElo "2103"]
[BlackElo "1861"]
[PlyCount "94"]
[EventDate "2018.05.12"]
[EventType "swiss"]
[EventRounds "8"]
[EventCountry "ESP"]
[SourceTitle "EXT 2020"]
[Source "ChessBase"]
[SourceDate "2019.10.17"]
[SourceVersion "1"]
[SourceVersionDate "2019.10.17"]
[SourceQuality "1"]

1. d4 d5 2. c4 e6 3. Nc3 Nf6 4. Bg5 Be7 5. Nf3 Nbd7 6. e3 h6 7. Bh4 0-0 8. Qc2 a6 9. Rd1 dxc4 10. Bxc4 b5 11. Bd3 Bb7 12. 0-0 Nh5 13. Bxe7 Qxe7 14. Ne5 Nhf6 15. Nxd7 Nxd7 16. a4 c5 17. axb5 cxd4 18. bxa6 Bxg2 19. Kxg2 dxc3 20. Qxc3 Rfc8 21. Qd2 Nc5 22. Qe2 Qg5+ 23. Kh1 Rd8 24. b4 Nxd3 25. Rxd3 Qf5 26. e4 Qf4 27. Rfd1 Rxd3 28. Rxd3 Rxa6 29. Rd8+ Kh7 30. Qxa6 Qc1+ 31. Kg2 Qg5+ 32. Kf1 Qxd8 33. Qe2 Qd6 34. b5 Qxh2 35. Qe3 h5 36. b6 Qh1+ 37. Ke2 Qb1 38. e5 g6 39. Qc5 Qe4+ 40. Kd2 h4 41. Qc7 Qf4+ 42. Kc3 h3 43. Kb3 h2 44. b7 h1Q 45. b8Q Qb1+ 46. Kc3 Qfc1+ 47. Kd4 Qd2+ 0-1

[Event "Cadiz Region-ch Youth+Experts"]
[Site "Chipiona"]
[Date "2016.03.05"]
[Round "6.4"]
[White "Ruiz Manrique, Joaquin"]
[Black "Martin Macias, Daniel"]
[Result "1/2-1/2"]
[WhiteElo "1984"]
[BlackElo "2093"]
[PlyCount "91"]
[EventDate "2016.02.06"]
[EventType "swiss"]
[EventRounds "6"]
[EventCountry "ESP"]
[SourceTitle "EXT 2024"]
[Source "ChessBase"]
[SourceDate "2023.10.10"]
[SourceVersion "1"]
[SourceVersionDate "2023.10.10"]
[SourceQuality "1"]

1. e4 c5 2. Nc3 Nc6 3. Bb5 Nd4 4. Nf3 Nxb5 5. Nxb5 a6 6. Nc3 e6 7. d4 cxd4 8. Qxd4 Ne7 9. Bg5 Nc6 10. Qe3 Be7 11. 0-0 0-0 12. Bxe7 Qxe7 13. Nd4 d6 14. Nxc6 bxc6 15. f3 Rb8 16. Rab1 e5 17. Rfd1 Be6 18. Qd3 Qa7+ 19. Kh1 Rfd8 20. b3 d5 21. Qd2 d4 22. Na4 c5 23. Nb2 a5 24. a4 Bc8 25. Qe1 Qc7 26. Nc4 Ra8 27. Na3 Ba6 28. c4 Rf8 29. Nb5 Qb6 30. Qg3 Rae8 31. Rb2 Bb7 32. Re2 f5 33. exf5 Rxf5 34. Rde1 Qf6 35. h3 Re7 36. Qg4 Rxf3 37. Re4 Rf1+ 38. Kh2 Rxe1 39. Rxe1 e4 40. Qg3 Qe5 41. Qxe5 Rxe5 42. Kg3 Rg5+ 43. Kf4 Rxg2 44. Nd6 Bc6 45. Nxe4 Bxe4 46. Kxe4 1/2-1/2

[Event "Cadiz Region-ch Youth+Experts"]
[Site "Chipiona"]
[Date "2016.02.20"]
[Round "4.1"]
[White "Martin Macias, Daniel"]
[Black "Cruz Ravina, Francisco Javier"]
[Result "0-1"]
[WhiteElo "2093"]
[BlackElo "2344"]
[PlyCount "100"]
[EventDate "2016.02.06"]
[EventType "swiss"]
[EventRounds "6"]
[EventCountry "ESP"]
[SourceTitle "EXT 2024"]
[Source "ChessBase"]
[SourceDate "2023.10.10"]
[SourceVersion "1"]
[SourceVersionDate "2023.10.10"]
[SourceQuality "1"]

1. d4 c5 2. d5 e5 3. e4 d6 4. Nc3 a6 5. f4 exf4 6. Bxf4 Ne7 7. Nf3 Ng6 8. Bg3 Bg4 9. Be2 Bxf3 10. Bxf3 Nd7 11. 0-0 Be7 12. a4 Nde5 13. a5 Bh4 14. Bxe5 Nxe5 15. Ra4 0-0 16. g3 Bf6 17. b3 Rc8 18. Ne2 Nxf3+ 19. Rxf3 Re8 20. Qd3 Qd7 21. Kg2 Be5 22. c3 Re7 23. Ng1 Qb5 24. c4 Qd7 25. Nh3 Rce8 26. Ra2 g6 27. Re2 Qd8 28. Qd2 Bg7 29. Nf2 f5 30. e5 Rxe5 31. Rxe5 Rxe5 32. b4 cxb4 33. Qxb4 Qe7 34. Rb3 Re2 35. Kf1 Bd4 36. Rf3 Rb2 37. Qe1 Qxe1+ 38. Kxe1 Bxf2+ 39. Rxf2 Rxf2 40. Kxf2 g5 41. Ke3 Kf7 42. Kd4 Ke7 43. h4 h6 44. h5 Kd7 45. c5 dxc5+ 46. Kxc5 Ke7 47. d6+ Ke6 48. d7 Kxd7 49. Kd5 b5 50. axb6 a5 0-1

[Event "Gibraltar Challengers-B 14th"]
[Site "Caleta"]
[Date "2016.01.31"]
[Round "2"]
[White "Wright, Jonathan1111"]
[Black "Martin Macias, Daniel"]
[Result "0-1"]
[WhiteElo "1902"]
[BlackElo "2104"]
[PlyCount "82"]
[EventDate "2016.01.30"]
[EventType "swiss"]
[EventRounds "5"]
[EventCountry "GGB"]
[SourceTitle "CBM 170 Extra"]
[Source "ChessBase"]
[SourceDate "2016.02.25"]
[SourceVersion "1"]
[SourceVersionDate "2016.02.25"]
[SourceQuality "1"]

1. e4 c5 2. Nc3 Nc6 3. g3 e5 4. Bg2 Nf6 5. d3 d6 6. Bg5 Be7 7. Qd2 0-0 8. Nge2 Nd4 9. h3 Rb8 10. Nd1 Nxe4 11. Bxe7 Nxd2 12. Bxd8 N4f3+ 13. Bxf3 Nxf3+ 14. Kf1 Rxd8 15. Ne3 Nd4 16. c3 Nxe2 17. Kxe2 Be6 18. b3 d5 19. Nc2 d4 20. c4 e4 21. Ne1 Bf5 22. Kd2 Re8 23. g4 Bg6 24. h4 h6 25. Rh3 Re7 26. Ng2 exd3 27. Nf4 Rbe8 28. Rg1 Re4 29. Rf3 R8e5 30. Kd1 b6 31. Nxd3 Re6 32. Rgg3 Bh7 33. Nf4 Re1+ 34. Kd2 Re8 35. g5 h5 36. g6 Bxg6 37. Nxg6 fxg6 38. Rxg6 Ra1 39. a4 Ra2+ 40. Kd1 Re7 41. Rd6 Re5 0-1

[Event "Seville op 41st"]
[Site "Seville"]
[Date "2016.01.10"]
[Round "3"]
[White "Satyapragyan, Swayangsu"]
[Black "Martin Macias, Daniel"]
[Result "1-0"]
[WhiteElo "2410"]
[BlackElo "2104"]
[PlyCount "79"]
[EventDate "2016.01.08"]
[EventType "swiss"]
[EventRounds "9"]
[EventCountry "ESP"]
[SourceTitle "CBM 170 Extra"]
[Source "ChessBase"]
[SourceDate "2016.02.25"]
[SourceVersion "1"]
[SourceVersionDate "2016.02.25"]
[SourceQuality "1"]

1. e4 c5 2. Nf3 Nc6 3. Bb5 g6 4. Bxc6 bxc6 5. 0-0 Bg7 6. Re1 e5 7. b4 cxb4 8. a3 b3 9. cxb3 Ne7 10. Bb2 d6 11. d4 Qc7 12. dxe5 dxe5 13. Nbd2 0-0 14. Qc2 a5 15. a4 f6 16. Ba3 Be6 17. Nc4 Rfd8 18. Red1 c5 19. Qc3 Nc6 20. Bxc5 Bf8 21. Rxd8 Qxd8 22. Bxf8 Kxf8 23. h3 Rc8 24. Kh2 Nb4 25. Nfd2 Nc6 26. Rf1 Nd4 27. Qe3 g5 28. Rc1 h5 29. Nf3 Nxf3+ 30. Qxf3 g4 31. Qg3 Bxc4 32. bxc4 Qd2 33. Rc3 Qf4 34. Qxf4 exf4 35. hxg4 hxg4 36. f3 gxf3 37. gxf3 Ke7 38. Kh3 Ke6 39. c5 Rc6 40. Kg4 1-0

[Event "Cadiz-ch Youth+Experts"]
[Site "Chiclana"]
[Date "2015.03.07"]
[Round "3.4"]
[White "Martin Macias, Daniel"]
[Black "Montalban Rivera, Juan"]
[Result "1-0"]
[WhiteElo "2158"]
[BlackElo "1888"]
[PlyCount "63"]
[EventDate "2015.02.21"]
[EventType "swiss"]
[EventRounds "6"]
[EventCountry "ESP"]
[SourceTitle "EXT 2024"]
[Source "ChessBase"]
[SourceDate "2023.10.10"]
[SourceVersion "1"]
[SourceVersionDate "2023.10.10"]
[SourceQuality "1"]

1. d4 d5 2. c4 c6 3. Nf3 a6 4. Qb3 dxc4 5. Qxc4 b5 6. Qc2 Bb7 7. g3 e6 8. Bg2 Bb4+ 9. Bd2 Bxd2+ 10. Nbxd2 Nd7 11. 0-0 Rc8 12. Ne4 Qe7 13. Rfc1 Ngf6 14. Ne5 Nxe5 15. dxe5 Nxe4 16. Qxe4 Rc7 17. Qe3 0-0 18. Rc5 g6 19. Rac1 Rd8 20. h4 Qd7 21. R5c2 c5 22. Bxb7 Rxb7 23. Qxc5 a5 24. Qe3 Qd5 25. Qg5 h5 26. g4 hxg4 27. h5 g3 28. fxg3 f6 29. Qxf6 Rf8 30. Rc8 Qd4+ 31. Kh2 Rbf7 32. Rxf8+ 1-0

[Event "Gibraltar Masters"]
[Site "Gibraltar"]
[Date "2007.01.24"]
[Round "2"]
[White "Martin Macias, Daniel"]
[Black "Citak, Selim"]
[Result "0-1"]
[WhiteElo "2192"]
[BlackElo "2310"]
[PlyCount "42"]
[EventDate "2007.01.23"]
[EventType "swiss"]
[EventRounds "9"]
[EventCountry "ENG"]
[SourceTitle "CBM 116 Extra"]
[Source "ChessBase"]
[SourceDate "2007.03.07"]
[SourceVersion "1"]
[SourceVersionDate "2007.03.07"]
[SourceQuality "1"]

1. d4 Nf6 2. Nf3 g6 3. c4 Bg7 4. Nc3 d5 5. cxd5 Nxd5 6. e4 Nxc3 7. bxc3 c5 8. Rb1 0-0 9. Be2 Nc6 10. d5 Ne5 11. Nxe5 Bxe5 12. Qd2 e6 13. f4 Bg7 14. c4 Re8 15. e5 f6 16. 0-0 fxe5 17. fxe5 exd5 18. cxd5 Bxe5 19. Bc4 Qh4 20. Qh6 Qxc4 21. Rf7 Qd4+ 0-1